header

The unpublished opinions of the Rehnquist court (Record no. 51489)

MARC details
000 -LEADER
fixed length control field 01854nam a2200289Ia 4500
245 04 - TITLE STATEMENT
Title The unpublished opinions of the Rehnquist court
260 ## - PUBLICATION, DISTRIBUTION, ETC. (IMPRINT)
Place of publication New York :
Name of publisher Oxford University Press,
Year of publication 1996.
300 ## - PHYSICAL DESCRIPTION
Number of Pages 492 p.
505 0# - FORMATTED CONTENTS NOTE
Formatted contents note Missouri v. Blair (1987) : traffic arrests and homicide evidence -- Hodel v. Irving (1987) : regulation, takings, and just compensation -- California v. Rooney (1987) : garbage in, evidence out? -- Tompkins v. Texas (1989) : race and peremptory challenges -- Patterson v. McLean Credit Union (1989) : civil rights in the Rehnquist court -- Webster v. Reproductive Health Services (1989) : Roe and the swinging pendulum -- Hodgson v. Minnesota (1990) : Roe reaffirmed -- General Motors Corporation v. United States (1990) : administrative deadlines--mandatory or directory? -- United States v. France (1991) : magistrates' powers and delayed decisions -- Ford Motor Credit Co. v. Department of Revenue (1991) : a tax case switch.
650 #0 - SUBJECT ADDED ENTRY--TOPICAL TERM
Topical Term Judicial opinions
Topical Term Legal opinions
700 1# - ADDED ENTRY--PERSONAL NAME
Personal name Schwartz, Bernard,
856 40 - ELECTRONIC LOCATION AND ACCESS
Uniform Resource Identifier http://site.ebrary.com/lib/rucke/Doc?id=10086924

No items available.

© 2026 Rongo University
Contact us: librarian | system librarian | Rongo university